| 000 | 01144nam a2200289 4500 | ||
|---|---|---|---|
| 001 | 0000023000 | ||
| 003 | CO-CtgCURN | ||
| 005 | 20250526143622.0 | ||
| 007 | ta | ||
| 008 | 160627s1996 000 0 eng d | ||
| 040 |
_aCO-CtgCURN _bspa _ccoctgcurn |
||
| 082 | 0 |
_a617.6009861 _bP343c |
|
| 100 | 1 | _aPayares González, Carlos. | |
| 245 | 1 | 0 |
_aConsideraciones sociohistóricas de la odontología en Colombia y Antioquia siglo XX / _cCarlos Payares González y Alberto Arango Botero. |
| 250 | _a2a ed. | ||
| 260 |
_aMedellin : _bTalleres Graficos de Promotora de Ediciones y Comunicaciones S.A., _c1996. |
||
| 300 | _a272 p. | ||
| 336 | _2rdacontent | ||
| 337 |
_2rdamedia _asin mediacion _bn |
||
| 338 |
_2rdacarrier _avolumen _bnc |
||
| 505 | 8 | _aHistorias de algunas practicas sanitarias.--la historia de la practica odontologica.--Primeros cirujanos dentistas en Colombia y Antioquia | |
| 650 | 1 | 4 |
_aOdontología _vHistoria _zAntioquia (Col.) |
| 700 | 1 | _aArango Botero, Alberto. | |
| 908 | _a160627 | ||
| 942 |
_cBK _h617.6009861 _iP343c _2ddc _n0 |
||
| 999 |
_c11402 _d11402 |
||